<?xml version="1.0" encoding="UTF-8"?>
<record
    xmlns:xsi="http://www.w3.org/2001/XMLSchema-instance"
    xsi:schemaLocation="http://www.loc.gov/MARC21/slim http://www.loc.gov/standards/marcxml/schema/MARC21slim.xsd"
    xmlns="http://www.loc.gov/MARC21/slim">

  <leader>02499nam a2200313 a 4500</leader>
  <controlfield tag="003">DO-SdBNP</controlfield>
  <controlfield tag="005">20260211101520.0</controlfield>
  <controlfield tag="007">ta</controlfield>
  <controlfield tag="008">220505e2019    dr ||||gr|||| 001 edspa d</controlfield>
  <datafield tag="020" ind1=" " ind2=" ">
    <subfield code="a">9789945805840</subfield>
  </datafield>
  <datafield tag="040" ind1=" " ind2=" ">
    <subfield code="a">DO-SdBNP</subfield>
    <subfield code="b">spa</subfield>
    <subfield code="c">BNPHU</subfield>
  </datafield>
  <datafield tag="082" ind1=" " ind2="4">
    <subfield code="2">22</subfield>
    <subfield code="b">P923c</subfield>
  </datafield>
  <datafield tag="245" ind1="1" ind2="3">
    <subfield code="a">El precedente constitucional y judicial, an&#xE1;lisis cr&#xED;tico : </subfield>
    <subfield code="b">homenaje a Michele Taruffo /</subfield>
    <subfield code="c">Editor, Alejandro A. Moscoso Segarra; Pr&#xF3;logo, Milton Ray Guevara</subfield>
  </datafield>
  <datafield tag="260" ind1=" " ind2=" ">
    <subfield code="a">Santo Domingo :</subfield>
    <subfield code="b">Soto Castillo,</subfield>
    <subfield code="c">2019</subfield>
  </datafield>
  <datafield tag="300" ind1=" " ind2=" ">
    <subfield code="a">xxx, 303 p. ; </subfield>
    <subfield code="c">24 cm.</subfield>
  </datafield>
  <datafield tag="500" ind1=" " ind2=" ">
    <subfield code="a">Incluye datos biogr&#xE1;ficos del compilador en la solapas de las cubiertas.</subfield>
  </datafield>
  <datafield tag="500" ind1=" " ind2=" ">
    <subfield code="a">Incluye bibliograf&#xED;a y notas al pie de p&#xE1;ginas.</subfield>
  </datafield>
  <datafield tag="504" ind1=" " ind2=" ">
    <subfield code="a">Bibliograf&#xED;a: p. 302 - 203</subfield>
  </datafield>
  <datafield tag="505" ind1=" " ind2=" ">
    <subfield code="t">Pr&#xF3;logo. /</subfield>
    <subfield code="r">Milton Ray Guevara.--</subfield>
    <subfield code="t">Introducci&#xF3;n. /</subfield>
    <subfield code="r">Alejandro Moscoso Segarra.--</subfield>
    <subfield code="t">Aspectos del precedente judicial. /</subfield>
    <subfield code="r">Michele Taruffo.--</subfield>
    <subfield code="t">De la jurisprudencia al Precedente. /</subfield>
    <subfield code="r">Luis Miguel Pereyra.--</subfield>
    <subfield code="t">Caracter&#xED;sticas del precedente en materia laboral. /</subfield>
    <subfield code="r">Manuel R. Herrera Carbuccia.--</subfield>
    <subfield code="t">Las garant&#xED;as de la eficacia del precedente: Especial referencia al ordenamiento jur&#xED;dico dominicano. /</subfield>
    <subfield code="r">Herm&#xF3;genes Acosta de los Santos.--</subfield>
    <subfield code="t">El PRECEDENTE JUDICIAL VINCULANTE. Concepto, argumentos y vigencia en sudam&#xE9;rica. /</subfield>
    <subfield code="r">Luis Inv&#xE1;n D&#xED;az Garc&#xED;a.--</subfield>
    <subfield code="t">El precedente ante el TSE: La seguridad jur&#xED;dica del proceso electoral. /</subfield>
    <subfield code="r">Rom&#xE1;n Andr&#xE9;s J&#xE1;quez Liranzo.--</subfield>
    <subfield code="t">Algunas notas en torno al car&#xE1;cter vinculante del precedente interamericano en la Rep&#xFA;blica Dominicana. /</subfield>
    <subfield code="r">Eduardo Jorge Prats.--</subfield>
    <subfield code="t">El precedente constitucional vinculante. /</subfield>
    <subfield code="r">Jos&#xE9; Alberto Cruceta Alm&#xE1;nzar.--</subfield>
    <subfield code="t">Teor&#xED;a General sobre los precedentes vinculantes. Justificaci&#xF3;n y significado de los precedentes  vinculantes. /</subfield>
    <subfield code="r">Franklin E. Concepci&#xF3;n Acosta.--</subfield>
    <subfield code="t">Precedente y seguridad jur&#xED;dica. /</subfield>
    <subfield code="r">Hiroito Reyes.--</subfield>
    <subfield code="t">El precedente vinculante su complejidad y los derechos humanos y un ejemplo, en el caso de la penalizaci&#xF3;n del aborto en todas sus circunstancias. /</subfield>
    <subfield code="r">Yildalina Tatem Brache.</subfield>
  </datafield>
  <datafield tag="590" ind1=" " ind2=" ">
    <subfield code="a">Inventariado 2022 / MF</subfield>
  </datafield>
  <datafield tag="600" ind1=" " ind2="4">
    <subfield code="a"> Taruffo, Michele.</subfield>
    <subfield code="9">81559</subfield>
  </datafield>
  <datafield tag="650" ind1=" " ind2="4">
    <subfield code="9">35608</subfield>
    <subfield code="a">Derecho Constitucional</subfield>
    <subfield code="x">Ensayos, Conferencias, etc.</subfield>
    <subfield code="z">Rep&#xFA;blica Dominicana</subfield>
  </datafield>
  <datafield tag="650" ind1=" " ind2="0">
    <subfield code="a">Tribunales constitucionales</subfield>
    <subfield code="z">Rep&#xFA;blica Dominicana</subfield>
    <subfield code="9">78719</subfield>
  </datafield>
  <datafield tag="650" ind1=" " ind2="4">
    <subfield code="9">80962</subfield>
    <subfield code="a"> Ley constitucional</subfield>
    <subfield code="z">Rep&#xFA;blica Dominicana</subfield>
  </datafield>
  <datafield tag="700" ind1="1" ind2=" ">
    <subfield code="a">Moscoso Segarra, Alejandro A</subfield>
    <subfield code="d">1964-</subfield>
    <subfield code="e">comp.</subfield>
    <subfield code="9">62241</subfield>
  </datafield>
  <datafield tag="700" ind1="1" ind2=" ">
    <subfield code="a">Milton Ray Guevara</subfield>
    <subfield code="d">1948-</subfield>
    <subfield code="4">pr&#xF3;l.</subfield>
    <subfield code="9">78143</subfield>
  </datafield>
  <datafield tag="910" ind1=" " ind2=" ">
    <subfield code="a">MFeliz</subfield>
  </datafield>
  <datafield tag="942" ind1=" " ind2=" ">
    <subfield code="2">ddc</subfield>
    <subfield code="c">LBS1</subfield>
  </datafield>
  <datafield tag="952" ind1=" " ind2=" ">
    <subfield code="0">0</subfield>
    <subfield code="1">0</subfield>
    <subfield code="2">ddc</subfield>
    <subfield code="5">1</subfield>
    <subfield code="7">0</subfield>
    <subfield code="8">PD</subfield>
    <subfield code="a">BNPHU</subfield>
    <subfield code="b">BNPHU</subfield>
    <subfield code="c">HD</subfield>
    <subfield code="d">2019-10-15</subfield>
    <subfield code="e">Dep&#xF3;sito legal / Universidad APEC</subfield>
    <subfield code="l">0</subfield>
    <subfield code="o">P923c</subfield>
    <subfield code="p">2022-1826</subfield>
    <subfield code="r">2022-05-05</subfield>
    <subfield code="w">2022-05-05</subfield>
    <subfield code="y">LBS1</subfield>
  </datafield>
  <datafield tag="952" ind1=" " ind2=" ">
    <subfield code="0">0</subfield>
    <subfield code="1">0</subfield>
    <subfield code="2">ddc</subfield>
    <subfield code="5">1</subfield>
    <subfield code="7">0</subfield>
    <subfield code="8">PD</subfield>
    <subfield code="a">BNPHU</subfield>
    <subfield code="b">BNPHU</subfield>
    <subfield code="c">HD</subfield>
    <subfield code="d">2019-10-15</subfield>
    <subfield code="e">Dep&#xF3;sito legal / Universidad APEC</subfield>
    <subfield code="l">0</subfield>
    <subfield code="o">P923c</subfield>
    <subfield code="p">2022-1827</subfield>
    <subfield code="r">2022-05-05</subfield>
    <subfield code="t">e.2</subfield>
    <subfield code="w">2022-05-05</subfield>
    <subfield code="y">LBS1</subfield>
  </datafield>
  <datafield tag="999" ind1=" " ind2=" ">
    <subfield code="c">51650</subfield>
    <subfield code="d">51650</subfield>
  </datafield>
</record>
